00774nam a22002057a 4500003000400000005001700004008004100021020001500062040002900077050002200106100003300128245007100161260003400232300003100266650002700297650004700324942001500371952016500386999001700551OSt20260624122957.0260624b |||||||| |||| 00| 0 eng d a0809140772 cChuka University Library aBJ 1249b.M3 2002 aMcCormick, Patrick T.931083 aFacing Ethical Issues: Dimensions of Character, Choices &Community aNew YorkbPaulist Pressc2002 aVarious pagesbIllustrated aChristian ethics98450 aChristian ethics - Catholic authors927579 2lcccBKn0 00102lcc40708LGLaCHKbCHKcGENd2026-06-24eDonation from books of Africag1554.45l0oBJ 1249 .M3 2002p36028/2026r2026-06-24 12:32:17t2w2026-06-24yBK c25161d25161